00751nam a2200241 a 4500001001300000003000900013005001700022008004100039020001000080082001500090100002500105245005000130260003200180300000800212500003500220505006500255650001800320700002500338902000800363942000700371952011600378999001500494nice12345678IN_TiNIC20260116013138.0050524s1982 lona grp 000 0 eng  ac17000a297.4bDAV aDavidson, Roy Weaver aDocuments on Contemporary Dervish Communities aLondonbOctagon Pressc1982 a28p aincludes index and biblioraphy2 aEnglish Rendering Muhammad Akbnar Muradpuri, Abul Aziz Kamal aSufism-Orders1 aDavidson, Roy Weaver bSRS cBK 001040708StackRoom-aHMIbHMId2007-09-06g170.00l0o297.4 DAVp018552r2007-09-06v170.00w2005-05-24yBK c9850d9850